000 00673cam a2200205 4500500
005 20260329001413.0
041 _afre
042 _adc
100 1 0 _aSloterdijk, Peter
_eauthor
700 1 0 _aTruong, Nicolas
_eauthor
245 0 0 _aPeter Sloterdijk : “Il faut être déchiré par quelque chose qui nous dépasse pour penser”
260 _c2007.
500 _a72
690 _aHistoire
690 _aHumain
690 _aHumanisme
690 _aPeter Sloterdijk
786 0 _nPhilosophie magazine | 6 | 2 | 2007-02-01 | p. 21-23 | 1951-1787
856 4 1 _uhttps://shs.cairn.info/magazine-philosophie-magazine-2007-2-page-21?lang=fr&redirect-ssocas=7080
999 _c1805085
_d1805085